| 000 | 00388nam a2200133Ia 4500 | ||
|---|---|---|---|
| 008 | 231017s9999 xx 000 0 und d | ||
| 082 | _a625.85 | ||
| 082 | _bVAN | ||
| 245 | 0 | _aEvaluation of Field-Produced Hot Mix Asphalt (HMA) Mixtures with Fractionated Recycled Asphalt Pavement (RAP) | |
| 245 | 0 | _cWilliam R. Vavrik | |
| 260 | _bWilliam R. Vavrik | ||
| 300 | _c30cm | ||
| 942 | _cREP | ||
| 999 |
_c604557 _d604557 |
||